00900nam a2200217 a 4500008004100000020001500041050001800056100001900074245010900093250001200202260006100214300002200275350000900297650002300306650003600329650004000365700001900405995010700424999001700531952013400548100330s2008 ||||||||||||||||| || u a0131354213 aHF 5415.2 Bur aBurns, Alvin C10aBasic marketing research: using Microsoft excel data analysis. (2nd ed.)cAlvin C. Burns; Ronald F. Bush a2nd ed. aUpper Saddle River, N. J.:bPearson Education, Incc2008 axxix, 510p.: ill. a0.00 0aMARKETING RESEARCH aMICROSOFT EXCEL (COMPUTER FILE) 0aMARKETING--MANAGEMENT--CASE STUDIES aBush, Ronald F D0.00FCBU-MAIN LIBRARY (Kitwe)H1I0.00M1UDAMAGEDWMay 17, 2010ZMain Library Open Access Collection c35584d35584 00102lcc4070a001b001cMain Library Open Access Collectiond2022-11-30l0oHF 5415.2 Burp741270r2022-11-30w2022-11-30y002